| 000 | 01203nam a22003257i 4500 | ||
|---|---|---|---|
| 999 |
_c22801 _d22801 |
||
| 003 | AR-CdUCM | ||
| 008 | 240318b20232023pe ||||| |||| 00| 0 spa d | ||
| 020 | _a978-612-49266-4-8 | ||
| 040 |
_aMUNICIPALIDAD PROVINCIAL DEL CUSCO _cBIBLIOTECA MUNICIPAL DEL CUSCO |
||
| 041 | _hspa | ||
| 082 |
_a869.5038 / C89 _bC89 |
||
| 100 |
_aMaquén Gamarra, José Félix _948470 |
||
| 110 |
_a _949499 |
||
| 245 | _aCuentos Irisados de mi Selva / | ||
| 260 |
_aTarapoto-San Martín : _bAsociación Cultural Redes Literarias San Martín, _c2023 |
||
| 300 |
_a112 páginas. : _c20 cm. |
||
| 505 | _aBella, la hilandera -- El polvo mágico del aguaje -- La libertad de Shana -- El sueño del rey -- El Ángel del bosque | ||
| 650 |
_aLa hilandera _949500 |
||
| 650 |
_aGrano de maíz _949501 |
||
| 650 |
_aEl cántaro y el wingo _949502 |
||
| 650 |
_aEl oso de anteojos _949503 |
||
| 700 |
_aVela Vela, Aurora _949505 |
||
| 700 |
_aPaima del Águila, Reymer _949506 |
||
| 700 |
_aOrtiz campos, Marlo Nino _949507 |
||
| 700 |
_aLeyva Alfaro, Yris Janeth _949508 |
||
| 700 |
_aSilva Pinedo, Olande _949509 |
||
| 700 |
_aPeso Gonzales, Willian _949510 |
||
| 942 |
_2ddc _cLIBROS |
||
| 945 |
_apbj _d18-03-2024 |
||